[Event "36th Zalakaros Open 2017"]
[Site "Zalakaros HUN"]
[Date "2017.05.26"]
[Round "9.55"]
[White "Szalanczy,E"]
[Black "Karacsonyi,Gellert"]
[Result "0-1"]
[WhiteElo "2230"]
[BlackElo "2189"]

1.c3 Nf6 2.c4 e6 3.Nf3 d5 4.g3 dxc4 5.Qa4+ Bd7 6.Qxc4 c5 7.Bg2 Bc6 8.d3 Be7
9.O-O O-O 10.Nc3 Nbd7 11.Bf4 Rc8 12.Qb3 Nb6 13.Rfd1 Nfd5 14.Bd2 Nxc3 15.Qxc3
Bf6 16.Qa3 Na4 17.Bc3 Nxc3 18.bxc3 Qe7 19.Rac1 b6 20.c4 Rfd8 21.Rb1 Rc7 22.h4
h5 23.Qc1 g6 24.Rd2 Kh7 25.Qf1 Rcd7 26.Rdd1 Bxf3 27.Bxf3 Bd4 28.Qg2 Rd6 29.Rb3
Bg7 30.Rdb1 Qd7 31.Ra3 Rb8 32.Rb5 Qc7 33.Ra6 Bc3 34.Ra3 Bb4 35.Ra4 a5 36.Qf1
Qd8 37.Qa1 Qh8 38.Qc1 Rbd8 39.Kg2 Qc3 40.Qxc3 Bxc3 41.Ra3 Bb4 42.Rb3 a4 43.Rb1
a3 44.g4 hxg4 45.Bxg4 Rd4 46.Kg3 R8d6 47.Bf3 f5 48.Rb3 e5 49.Bd5 Rg4+ 50.Kf3
Rg1 51.R3xb4 cxb4 52.Rxb4 Ra1 53.Ra4 Rxa2 54.Ra7+ Kh8 55.d4 exd4 56.Kf4 Rxe2
57.Kg5 Rxf2 58.Rxa3 b5 59.Kh6 g5+ 60.Kxg5 bxc4 61.Bxc4 f4 62.h5 Rd8 63.Kh6 Rg2
64.Bf7 d3 65.Bg6 d2 66.Ra7 Rxg6+ 67.hxg6 d1=Q {#R} 0-1

[Event "Groninger Combinatie Open"]
[Site "Groningen NED"]
[Date "2017.05.28"]
[Round "7.2"]
[White "Maris,Iv"]
[Black "Pel,B"]
[Result "1-0"]
[WhiteElo "2327"]
[BlackElo "2255"]

1.b4 Nf6 2.Bb2 g6 3.g3 Bg7 4.Bg2 O-O 5.e3 d6 6.Ne2 c6 7.d3 a5 8.a3 Qb6 9.c3 e5
10.Nd2 Be6 11.O-O Nbd7 12.Qc2 Rfe8 13.Nc1 d5 14.Ncb3 a4 15.Nc1 Qa6 16.Re1 Rac8
17.c4 b5 18.c5 Ng4 19.f3 Nh6 20.f4 f6 21.Ne2 Re7 22.e4 d4 23.Nf3 Rce8 24.Nexd4
exd4 25.Nxd4 Bf7 26.h3 Nf5 27.exf5 Rxe1+ 28.Rxe1 Rxe1+ 29.Kf2 Re8 30.Bxc6 Nf8
31.Bxb5 Qb7 32.Bxe8 Bxe8 33.c6 Qc7 34.Qc5 g5 35.Bc1 Bh6 36.b5 gxf4 37.b6 Qg7
38.g4 Bg5 39.c7 Bd7 40.b7 Qh6 41.c8=Q Qh4+ 42.Ke2 Bxc8 43.bxc8=Q Bh6 44.Qd5+
Kg7 45.Qxf8+ Kxf8 46.Ne6+ {#r} 1-0

[Event "4th Gligoric Cup 2017"]
[Site "Novi Banovci SRB"]
[Date "2017.05.26"]
[Round "2.1"]
[White "Skoko,Mil"]
[Black "Lajthajm,B"]
[Result "0-1"]
[WhiteElo "2174"]
[BlackElo "2428"]

1.g3 e5 2.Bg2 Nf6 3.d3 d5 4.c3 c6 5.Bg5 h6 6.Bxf6 Qxf6 7.Nd2 Bc5 8.e3 O-O 9.d4
Bb6 10.dxe5 Qxe5 11.Ngf3 Qf6 12.O-O Bg4 13.Qa4 Be6 14.Qf4 Qe7 15.Qh4 Qxh4
16.Nxh4 Nd7 17.Nhf3 Nf6 18.Nd4 Bd7 19.Rfe1 Rad8 20.N2f3 c5 21.Ne2 Rfe8 22.Rad1
Ba4 23.Rc1 Ne4 24.Bf1 Ba5 25.a3 c4 26.Ned4 Rd6 27.Nc2 Bc7 28.Nfd4 a5 29.Re2
Rb6 30.Ne1 Nc5 31.Bg2 Rd8 32.Kf1 g6 33.f4 Rdd6 34.e4 dxe4 35.Bxe4 Nxe4 36.Rxe4
Rxb2 37.Nef3 Rdb6 38.h4 Bd7 39.Kg1 Bh3 40.Re8+ Kg7 41.Rce1 Rg2+ 42.Kh1 Rxg3
43.Ne5 Rb2 44.Re2 Rxe2 45.Nxe2 Re3 46.Nd4 Bxe5 47.fxe5 Rxc3 48.Re7 Rd3 49.Nb5
Rd7 50.Re8 Be6 51.Kh2 Rd5 52.Nd6 Rxe5 53.Re7 b6 54.Rb7 c3 55.Ne8+ Kf8 56.Nf6
c2 57.Rb8+ Ke7 {#R} 0-1

[Event "TCh-FRA Top 12 2017"]
[Site "Chartres FRA"]
[Date "2017.05.24"]
[Round "7.5"]
[White "Bellahcene,B"]
[Black "Le Borgne,P"]
[Result "1-0"]
[WhiteElo "2452"]
[BlackElo "2234"]

1.b3 e5 2.Bb2 Nc6 3.e3 Nf6 4.Bb5 Bd6 5.Na3 a6 6.Bxc6 dxc6 7.Nc4 Qe7 8.Ne2 Bg4
9.a4 O-O-O 10.f3 Bd7 11.Nxd6+ Qxd6 12.d3 Nd5 13.Qd2 Rhe8 14.e4 Ne7 15.g4 Qf6
16.Qe3 Kb8 17.h4 Ng6 18.g5 Qe7 19.h5 Nf8 20.O-O-O b5 21.axb5 axb5 22.h6 g6
23.d4 exd4 24.Bxd4 Kb7 25.Kb2 Ra8 26.Ra1 Rxa1 27.Rxa1 Ra8 28.Rxa8 Kxa8 29.Qc3
b4 30.Qc4 Kb7 31.Bc5 Qe5+ 32.Kb1 Ne6 33.Qxb4+ Kc8 34.Qa5 Be8 35.Qa6+ Kd8
36.Qd3+ Bd7 37.Be3 Qb5 38.Qd2 c5 39.f4 c4 40.Nc3 Qc6 41.b4 Qd6 42.Qxd6 cxd6
43.Nd5 Ba4 44.Kb2 {#r} 1-0

[Event "TCh-FRA Top 12 2017"]
[Site "Chartres FRA"]
[Date "2017.05.28"]
[Round "11.3"]
[White "Jobava,Ba"]
[Black "Wojtaszek,R"]
[Result "1-0"]
[WhiteElo "2713"]
[BlackElo "2734"]

1.b3 d5 2.Bb2 Bg4 3.f3 Bf5 4.e3 e6 5.Ne2 Nc6 6.Nbc3 h6 7.Ng3 Bh7 8.Bb5 Ne7
9.Nce2 a6 10.Bd3 Bxd3 11.cxd3 h5 12.O-O Qd7 13.f4 h4 14.Nh1 Nf5 15.Nf2 Be7
16.Rc1 O-O 17.a3 a5 18.g4 hxg3 19.hxg3 f6 20.Kg2 Nh6 21.Rh1 f5 22.Ng1 Bf6
23.Bxf6 Rxf6 24.d4 Qe7 25.Nf3 Qxa3 26.Ne5 Qe7 27.g4 fxg4 28.Nfxg4 Nxe5
29.Nxf6+ Qxf6 30.dxe5 Qg6+ 31.Kf3 Rf8 32.Qg1 Qe4+ 33.Kf2 Kh7 34.Qg5 Rf7
35.Rcg1 {#r} 1-0

[Event "36th Zalakaros Open 2017"]
[Site "Zalakaros HUN"]
[Date "2017.05.24"]
[Round "7.19"]
[White "Czebe,A"]
[Black "Gara,T"]
[Result "1-0"]
[WhiteElo "2475"]
[BlackElo "2329"]

1.b3 c5 2.Bb2 Nc6 3.Nf3 d6 4.g3 e5 5.Bg2 g6 6.O-O Bg7 7.c4 Nge7 8.Nc3 O-O
9.Ne1 Be6 10.Nc2 Qd7 11.Re1 d5 12.cxd5 Nxd5 13.Ne3 Nde7 14.Ne4 b6 15.Ng5 Rad8
16.d3 Nd4 17.Rb1 Nec6 18.Ba1 h6 19.Nxe6 Qxe6 20.a3 Rfe8 21.Nc4 Kh7 22.b4 b5
23.Nd2 cxb4 24.axb4 Bf8 25.Bc3 Ne7 26.Ne4 Nd5 27.Bd2 Rc8 28.Rb2 Nb6 29.e3 Nf5
30.Rc2 Rxc2 31.Qxc2 Rc8 32.Qb1 Be7 33.Rc1 Rxc1+ 34.Qxc1 Nd6 35.Qc7 Nd5 36.Qxa7
Nxe4 37.Bxe4 Nxb4 38.Qb7 Na6 39.Bd5 Nc5 40.Bxe6 Nxb7 41.Bxf7 Kg7 42.Ba2 Nc5
43.Bb1 g5 44.h3 Nb3 45.Be1 Kf6 46.Kf1 Bd8 47.Bc2 Na5 48.Ke2 Nc6 49.Bb3 Ba5
50.Bxa5 Nxa5 51.Bd5 Ke7 52.d4 exd4 53.exd4 Kd6 54.Bg8 Nc6 55.Kd3 Nb4+ 56.Ke4
Nc2 57.Bb3 Na1 58.Bd1 b4 59.Kd3 b3 60.Kc3 Kd5 61.Bf3+ Kd6 62.Be4 h5 63.Kb2
{#r} 1-0

[Event "10th KIIT Elite Open 2017"]
[Site "Bhubaneswar IND"]
[Date "2017.05.27"]
[Round "2.7"]
[White "Shyam,N"]
[Black "Gandhi,An"]
[Result "1-0"]
[WhiteElo "2457"]
[BlackElo "2088"]

1.b3 d5 2.Bb2 Nf6 3.Nf3 g6 4.g3 Bg7 5.Bg2 O-O 6.O-O c6 7.d3 Bg4 8.Nbd2 Nbd7
9.c4 Bxf3 10.Nxf3 Ne8 11.Qc2 Nd6 12.Bxg7 Kxg7 13.e4 e6 14.Rfe1 Rc8 15.h4 h5
16.Qb2+ Kg8 17.Qa3 dxe4 18.dxe4 c5 19.e5 Nf5 20.Qxa7 Qc7 21.Qa3 Rfd8 22.Re4
Nb8 23.g4 hxg4 24.Rxg4 Rd3 25.h5 Rxf3 26.Bxf3 Qxe5 27.Rd1 Nc6 28.hxg6 Ncd4
29.b4 Ne2+ 30.Kf1 Nc3 31.gxf7+ Kxf7 32.Rd7+ Ke8 33.Rxb7 Ne7 34.Qa7 {#r} 1-0

[Event "10th KIIT Elite Open 2017"]
[Site "Bhubaneswar IND"]
[Date "2017.05.27"]
[Round "3.9"]
[White "Jayakumaar,S"]
[Black "Laxman,R"]
[Result "0-1"]
[WhiteElo "2182"]
[BlackElo "2417"]

1.b3 d5 2.Bb2 Nc6 3.e3 Nf6 4.Bb5 Bd7 5.Nf3 a6 6.Bxc6 Bxc6 7.Ne5 Qd6 8.O-O Nd7
9.f4 Nxe5 10.fxe5 Qg6 11.d4 f6 12.Nd2 e6 13.Nf3 f5 14.a4 Be7 15.Ba3 Qh6 16.Qe1
Bxa3 17.Rxa3 O-O 18.b4 f4 19.Qh4 Qxh4 20.Nxh4 g5 21.Nf3 g4 22.Ng5 Rae8 23.exf4
h6 24.Nxe6 Rxe6 25.f5 Re7 26.f6 Ree8 27.h3 Kf7 28.hxg4 Rg8 29.Rf4 Bd7 30.Rc3
Rc8 31.Rh3 Rg6 32.c4 Bxg4 33.Rg3 Be6 34.Rxg6 Kxg6 35.cxd5 Bxd5 36.Rg4+ Kf5
37.Rg7 Rg8 38.Rd7 Ke4 39.Rxc7 Kxd4 40.f7 Rf8 41.e6 Bxe6 42.Rxb7 Bc4 43.b5 axb5
44.axb5 Kc5 45.b6 Bxf7 46.Rd7 h5 47.b7 Be6 48.Rg7 Bg4 49.Kh2 Kb6 50.Kg3 Ka7
51.Kh4 Rb8 52.Rh7 Rxb7 53.Rh6 Rb5 54.Rc6 Kb7 55.Rc3 Rb6 56.g3 Rc6 57.Rd3 Kc7
58.Rd5 Bf3 59.Rf5 Rc4+ 60.Kg5 Bg4 61.Rd5 Kc6 62.Rd3 Kc5 63.Rd8 Rd4 64.Rh8 Kc4
65.Kh4 Be2+ 66.Kh3 Bf1+ 67.Kh2 Rd2+ 68.Kg1 Be2 69.Kf2 Bg4+ 70.Ke3 Rd3+ 71.Kf2
Kc3 72.Ra8 Kc2 73.Ra2+ Kb1 74.Ra7 Rf3+ 75.Kg2 Rf5 76.Rc7 Kb2 77.Rc4 Kb3 78.Rc7
Kb4 79.Rc1 Rc5 80.Rb1+ Kc3 81.Ra1 Kd3 82.Kf2 Rc2+ 83.Kf1 Ke4 84.Ra4+ Kd5
85.Ra5+ Kd4 86.Ra4+ Rc4 87.Ra8 Bf3 88.Ra3 Be4 89.Ke2 Rc2+ 90.Kf1 Rc3 91.Ra5
Ke3 92.Ra1 Kf3 {#R} 0-1

[Event "10th KIIT Elite Open 2017"]
[Site "Bhubaneswar IND"]
[Date "2017.05.29"]
[Round "5.5"]
[White "Karthik,V4"]
[Black "Shyam,N"]
[Result "1-0"]
[WhiteElo "2317"]
[BlackElo "2457"]

1.b3 d5 2.Bb2 Bg4 3.f3 Bf5 4.e3 c6 5.d4 e6 6.Nc3 Nd7 7.Qd2 Bg6 8.Nge2 Bd6 9.h4
f6 10.h5 Bf7 11.e4 Qa5 12.g4 h6 13.Bg2 Ne7 14.f4 O-O-O 15.e5 Ba3 16.Bxa3 Qxa3
17.Na4 b5 18.Nc5 Nxc5 19.dxc5 Qxc5 20.b4 Qb6 21.Nd4 Rhf8 22.a4 fxe5 23.fxe5
Bg8 24.Rh3 Rd7 25.axb5 cxb5 26.Rha3 Kb7 27.Rxa7+ Qxa7 28.Rxa7+ Kxa7 29.Nxb5+
Kb8 30.Qd4 Nc8 31.c4 Rb7 32.Qc5 Rf4 33.Nd4 Ne7 34.Qd6+ Kc8 35.Nxe6 Bxe6
36.Qxe6+ Kd8 37.cxd5 {#r} 1-0

[Event "10th KIIT Elite Open 2017"]
[Site "Bhubaneswar IND"]
[Date "2017.05.29"]
[Round "5.12"]
[White "Jayakumaar,S"]
[Black "Debashis,D"]
[Result "0-1"]
[WhiteElo "2182"]
[BlackElo "2496"]

1.b3 e5 2.Bb2 Nc6 3.e3 g6 4.Bb5 Nge7 5.f4 Bg7 6.Nf3 d6 7.fxe5 O-O 8.d4 dxe5
9.Bxc6 Nxc6 10.d5 Nb4 11.e4 f5 12.O-O fxe4 13.Nxe5 Rxf1+ 14.Qxf1 Qxd5 15.Nc3
Qxe5 16.Qc4+ Be6 17.Qxb4 Qd4+ 18.Qxd4 Bxd4+ 19.Kh1 Rf8 20.Re1 Bd7 21.h3 Bc6
22.b4 a6 23.a4 b6 24.Nd5 Bf2 25.Rd1 Bxd5 26.Rxd5 Bg3 27.Kg1 e3 28.Be5 c6 {#R}
0-1

[Event "Groninger Combinatie Open"]
[Site "Groningen NED"]
[Date "2017.05.27"]
[Round "4.5"]
[White "Maris,Iv"]
[Black "Miulescu,G"]
[Result "1-0"]
[WhiteElo "2327"]
[BlackElo "2002"]

1.b3 e5 2.Bb2 Nc6 3.e3 Nf6 4.Bb5 d6 5.d4 exd4 6.exd4 d5 7.Ne2 Bd6 8.Nbc3 O-O
9.Qd2 Bf5 10.Bxc6 bxc6 11.f3 Re8 12.O-O-O Qe7 13.Kb1 a5 14.Rde1 Bg6 15.Qd1 Qf8
16.Qd2 Bb4 17.Nf4 a4 18.h4 axb3 19.axb3 Ba3 20.Ba1 Reb8 21.Nxg6 hxg6 22.g4 Bb4
23.Bb2 Re8 24.h5 Rxe1+ 25.Qxe1 g5 26.Qe5 Nh7 27.Qxc7 Qe8 28.Qe5 Qd7 29.Re1 Bd6
30.Qe3 Qa7 31.Na4 Qa5 32.Re2 Qa6 33.Re1 Qa5 34.Rd1 Qc7 35.Qd2 Bf4 36.Qc3 Nf8
37.Re1 Ne6 38.Qd3 Qa7 39.Rd1 Nf8 40.Qc3 Qb7 41.Ka2 Ne6 42.Ba3 Nc7 43.Qb4 Nb5
44.Bb2 Qd7 45.Re1 Bd6 46.Qd2 Be7 47.Kb1 Bf6 48.Nb6 Qa7 49.Nxa8 Qxa8 50.Qe3 Qa5
51.Re2 {#r} 1-0

[Event "26th Chicago Open 2017"]
[Site "Chicago USA"]
[Date "2017.05.26"]
[Round "2.2"]
[White "Blatny,P"]
[Black "Avrukh,B"]
[Result "0-1"]
[WhiteElo "2392"]
[BlackElo "2592"]
[EventType "swiss"]

1.b3 e5 2.Bb2 Nc6 3.e3 Nf6 4.g3 d5 5.Bg2 Be6 6.d3 Bd6 7.Nd2 Qd7 8.h3 h6 9.Ne2
O-O-O 10.a3 Rhe8 11.b4 Kb8 12.Nb3 Bf5 13.Qd2 h5 14.O-O-O Ne7 15.f4 Nc8 16.fxe5
Bxe5 17.Ned4 Bg6 18.b5 Nb6 19.Nc5 Qe7 20.Ndb3 Bxb2+ 21.Kxb2 Qxe3 22.Qxe3 Rxe3
23.Na5 Rxg3 24.Rh2 Re8 25.Rd2 Bf5 26.Naxb7 Na4+ 27.Nxa4 Kxb7 28.Nc3 Be6 29.Re2
Rg5 30.a4 Kc8 31.Na2 h4 32.Nb4 Bd7 33.Rf2 Re1 34.c4 dxc4 35.dxc4 Rge5 36.Rd2
Ne4 37.Bxe4 R1xe4 38.Nd3 Rg5 39.Rhf2 f6 40.Rf4 Rxf4 41.Nxf4 Re5 42.Nd5 Bxh3
43.Rh2 Be6 44.Ne7+ Kd7 45.Nc6 Re4 46.Rd2+ Ke8 47.c5 Rxa4 48.Rd8+ Kf7 49.Rb8
Kg6 50.Ra8 h3 51.Rh8 Kg5 52.Rh7 Rh4 {#R} 0-1

[Event "26th Chicago Open 2017"]
[Site "Chicago USA"]
[Date "2017.05.26"]
[Round "2.40"]
[White "Posthuma,Joshua G"]
[Black "Guo,Arthur"]
[Result "1-0"]
[WhiteElo "2268"]
[BlackElo "2122"]
[EventType "swiss"]

1.b3 e5 2.Bb2 Nc6 3.e3 Nf6 4.Bb5 Bd6 5.Na3 a6 6.Bxc6 dxc6 7.Nc4 Qe7 8.Ne2 O-O
9.O-O b5 10.Nxd6 cxd6 11.f4 Rd8 12.Ng3 Ng4 13.h3 Nh6 14.Qh5 f6 15.Rf2 Nf7
16.Raf1 Bd7 17.Qe2 a5 18.fxe5 dxe5 19.Nh5 Nd6 20.Rxf6 gxf6 21.Nxf6+ Kh8 22.Qh5
Bf5 23.Rxf5 Nxf5 24.Qxf5 Rd5 25.Nxd5 cxd5 26.Bxe5+ Kg8 27.Bd4 Qd6 28.Qg5+ Kf7
29.Qg7+ Ke6 30.Qxh7 Qg3 31.Qb7 Rb8 32.Qa6+ Qd6 33.Qxa5 Qc6 34.Qc3 Qxc3 35.Bxc3
Ra8 36.a4 bxa4 37.bxa4 Rxa4 38.g4 Ra2 39.h4 Rxc2 40.h5 Ra2 41.Kg2 Ra4 42.Kg3
Kf7 43.g5 Kg8 44.g6 Ra6 45.Kg4 Rb6 46.Bd4 Rb1 47.h6 Rg1+ 48.Kf5 Rf1+ 49.Ke6
Rb1 50.h7+ {#r} 1-0

[Event "26th Chicago Open 2017"]
[Site "Chicago USA"]
[Date "2017.05.28"]
[Round "6.23"]
[White "Blatny,P"]
[Black "Karagianis,P"]
[Result "1-0"]
[WhiteElo "2392"]
[BlackElo "2204"]
[EventType "swiss"]

1.b3 d5 2.Bb2 c5 3.e3 a6 4.f4 Nc6 5.Be2 Nf6 6.Nf3 g6 7.Ne5 Qc7 8.Bf3 Bg7
9.Nxc6 Qxc6 10.c4 e6 11.g4 h6 12.h4 Qd6 13.Be5 Qf8 14.Nc3 dxc4 15.bxc4 Nd7
16.Bxg7 Qxg7 17.Rb1 Rb8 18.Ne4 O-O 19.Nd6 e5 20.f5 e4 21.Nxe4 Qe5 22.O-O b5
23.d4 Qe7 24.dxc5 Qxh4 25.Qd6 gxf5 26.gxf5 Kh7 27.Rb2 Rg8+ 28.Rg2 Bb7 29.c6
Rxg2+ 30.Bxg2 Rg8 31.Qxd7 Rxg2+ 32.Kxg2 Qxe4+ 33.Kf2 Qh4+ 34.Kf3 Qxc4 35.Rc1
Qxc1 36.Qxf7+ Kh8 37.Qf6+ Kg8 38.Qg6+ Kf8 39.Qxh6+ Kg8 40.Qe6+ Kf8 41.Qd6+ Kf7
42.Qd7+ Kf6 43.Qe6+ Kg7 44.Qe7+ Kg8 45.cxb7 Qf1+ 46.Ke4 Qg2+ {#r} 1-0

[Event "Deltalift Open 2017"]
[Site "Tylosand SWE"]
[Date "2017.05.25"]
[Round "2.21"]
[White "Andersson,L"]
[Black "Nyander,J"]
[Result "0-1"]
[WhiteElo "2006"]
[BlackElo "2222"]

1.f4 c5 2.Nf3 b6 3.g3 Bb7 4.Bg2 Nf6 5.O-O e6 6.d3 d6 7.e4 Nbd7 8.Nc3 Qc7 9.Qe2
a6 10.a4 Rc8 11.h3 Be7 12.g4 g6 13.f5 gxf5 14.gxf5 e5 15.Ng5 h6 16.h4 Nf8
17.Bf3 Qd8 18.Nxf7 Kxf7 19.Bh5+ Nxh5 20.Qxh5+ Kg7 21.Rf2 Rh7 22.Rg2+ Kh8
23.Bxh6 Bf6 24.Qg4 Nd7 25.Bg5 Qe7 26.Kf2 Rg8 27.Rag1 Qf7 28.Ne2 d5 29.Ng3 Bxg5
30.hxg5 Nf6 31.Qf3 Rxg5 32.exd5 Bxd5 33.Ne4 Rxg2+ 34.Qxg2 Bxe4 35.dxe4 Qc4
{#R} 0-1

[Event "Deltalift Open 2017"]
[Site "Tylosand SWE"]
[Date "2017.05.26"]
[Round "5.16"]
[White "Petersson,K"]
[Black "Nilsson,Anders1"]
[Result "0-1"]
[WhiteElo "2068"]
[BlackElo "2186"]

1.f4 g6 2.Nf3 c5 3.e3 Bg7 4.d4 d5 5.c3 Nh6 6.dxc5 O-O 7.b4 a5 8.b5 Bf5 9.Bd3
e6 10.Ba3 Re8 11.O-O Qc7 12.Nd4 Nd7 13.b6 Qc8 14.Bb5 Rd8 15.Bxd7 Qxd7 16.Qe2
Qa4 17.Qb5 Qxb5 18.Nxb5 Bd3 19.Nc7 Bxf1 20.Nxa8 Rxa8 21.Kxf1 Rc8 22.Nd2 Bxc3
23.Rd1 Ng4 24.Ke2 Bxd2 25.Rxd2 Nf6 26.Rc2 Rc6 27.Kd3 Ne4 28.Kd4 Kf8 29.Rb2 Ke8
30.Rb5 Kd7 31.Rxa5 Rc8 32.Bb4 Kc6 33.g4 h6 34.Be1 f6 35.Bg3 Nd2 36.h4 Re8
37.Ra7 Ne4 38.Bh2 Nxc5 39.Ra3 Ne4 40.Rb3 Ra8 41.Rb2 Ra4+ 42.Kd3 Ra3+ 43.Ke2 f5
44.h5 gxh5 45.g5 hxg5 46.fxg5 Nxg5 47.Bc7 Ne4 48.Rc2+ Rc3 49.Rb2 h4 50.a4 Rc5
51.Kd3 Ra5 52.Rg2 Rxa4 53.Rg7 Nc5+ 54.Ke2 Re4 55.Kf2 Nd7 56.Rg1 Nxb6 57.Bd8
Nc4 58.Bg5 b5 59.Ra1 b4 60.Be7 b3 61.Ra6+ Kb7 62.Ra4 b2 63.Rb4+ Kc6 64.Bf6 e5
{#R} 0-1

[Event "Deltalift Open 2017"]
[Site "Tylosand SWE"]
[Date "2017.05.27"]
[Round "8.23"]
[White "Andersson,L"]
[Black "Storme,Isak"]
[Result "1-0"]
[WhiteElo "2006"]
[BlackElo "2159"]

1.f4 Nf6 2.Nf3 c5 3.g3 b6 4.Bg2 Bb7 5.O-O g6 6.d3 d5 7.Ne5 Bg7 8.Nc3 O-O 9.e4
Nc6 10.Nxc6 Bxc6 11.e5 Ne8 12.Qe2 Qd7 13.Bd2 Nc7 14.f5 gxf5 15.Bh3 e6 16.Rae1
f6 17.Bf4 fxe5 18.Bxe5 Bxe5 19.Qxe5 Qg7 20.Bg2 Qxe5 21.Rxe5 Rad8 22.Ne2 Rd6
23.Nf4 d4 24.Rfe1 Bxg2 25.Kxg2 Kf7 26.Kf3 Re8 27.h3 Na6 28.a3 Nb8 29.g4 Nc6
30.R5e2 fxg4+ 31.hxg4 e5 32.Nh5 Kg6 33.Ng3 Rf6+ 34.Kg2 Rf4 35.Kh3 Rf3 36.Kg2
Ref8 37.Nf5 Rf4 38.Nh4+ Kg5 39.Kh3 Rxg4 40.Rxe5+ Nxe5 41.Rxe5+ Kf6 42.Rf5+ Kg7
43.Kxg4 Re8 44.Rf2 Re1 45.a4 Rb1 46.b3 a6 47.Nf5+ Kg6 48.Nd6 Re1 49.Ne4 Kg7
50.Kf5 Rg1 51.Ke5 h5 52.a5 bxa5 53.Nxc5 h4 54.Rh2 {#r} 1-0

[Event "ch-Flemish 2017"]
[Site "Ghent BEL"]
[Date "2017.05.25"]
[Round "1.6"]
[White "Draftian,A"]
[Black "De Waele,Warre"]
[Result "0-1"]
[WhiteElo "2242"]
[BlackElo "2070"]

1.f4 Nf6 2.Nf3 g6 3.e3 Bg7 4.d4 O-O 5.c4 c5 6.d5 e6 7.Nc3 exd5 8.cxd5 d6 9.Bd3
Re8 10.O-O a6 11.a4 Nbd7 12.Re1 Qc7 13.Qb3 Qb6 14.Qa2 c4 15.Qxc4 Nc5 16.a5 Qb3
17.Ra3 Qxc4 18.Bxc4 Nfe4 19.Ne2 Bd7 20.Ned4 Rac8 21.Ba2 Bb5 22.Nxb5 axb5 23.b4
Na4 24.Rd3 Bc3 25.Rf1 Bxb4 26.Nd4 Nac3 27.Bb3 Nc5 28.Rd2 Nxb3 29.Nxb3 Rxe3
30.Nd4 Re4 31.Kh1 Nxd5 32.Rdd1 Rxc1 33.Rxc1 Rxd4 34.Rfd1 Rxd1+ 35.Rxd1 Nxf4
36.Rd4 Bxa5 37.Rxf4 Bc3 38.Rf1 d5 39.Rb1 b4 40.Kg1 d4 41.Kf2 Kf8 42.Ke2 Ke7
43.Kd3 Kd6 44.Kc4 Ke5 45.Kd3 f5 46.g3 b5 47.Rb3 f4 48.gxf4+ Kxf4 49.Rb1 Kf3
50.Rf1+ Kg2 51.Rf7 h5 52.Rg7 Kxh2 53.Rxg6 h4 54.Kc2 h3 55.Rg5 Be1 56.Kd3 Bg3
57.Kxd4 Kg2 58.Kc5 h2 59.Rh5 b3 {#R} 0-1

[Event "36th Zalakaros Open 2017"]
[Site "Zalakaros HUN"]
[Date "2017.05.26"]
[Round "9.26"]
[White "Nguyen,P"]
[Black "Meszaros,T"]
[Result "0-1"]
[WhiteElo "2453"]
[BlackElo "2401"]

1.f4 d5 2.Nf3 g6 3.g3 Bg7 4.Bg2 Nh6 5.Nc3 d4 6.Ne4 O-O 7.O-O Na6 8.c3 c5 9.Qe1
Be6 10.h3 Qa5 11.g4 Rad8 12.Qh4 Bd5 13.Ng3 f5 14.c4 Bxc4 15.Ne5 Bd5 16.Bxd5+
Rxd5 17.Qxe7 Nc7 18.e4 dxe3 19.dxe3 Bf6 20.Nc4 Qa6 21.Qxc7 Bd8 22.Qc8 Bh4
23.Qc7 Qxc4 24.b3 Qa6 25.g5 Nf7 26.Nh1 Qe2 27.Qxb7 Rfd8 28.Nf2 Qf3 29.e4 Bxf2+
{#R} 0-1

[Event "Deltalift Open 2017"]
[Site "Tylosand SWE"]
[Date "2017.05.25"]
[Round "4.21"]
[White "Andersson,L"]
[Black "Lindhe,Magnus"]
[Result "1-0"]
[WhiteElo "2006"]
[BlackElo "2179"]

1.f4 d5 2.Nf3 h5 3.b3 Nc6 4.e3 Nh6 5.Bb5 Nf5 6.Bb2 a6 7.Bxc6+ bxc6 8.O-O e6
9.Qe2 Bc5 10.d4 Be7 11.Ne5 Bb7 12.Nd2 c5 13.Rae1 Rh6 14.Rf2 h4 15.e4 dxe4
16.Nxe4 cxd4 17.Ng5 Bxg5 18.fxg5 Qxg5 19.Bc1 Qe7 20.Bxh6 Nxh6 21.Qh5 O-O-O
22.Nxf7 Rd5 23.Ne5 d3 24.cxd3 Kb8 25.Ref1 Qc5 26.Nd7+ Rxd7 27.Qxc5 {#r} 1-0

[Event "Deltalift Open 2017"]
[Site "Tylosand SWE"]
[Date "2017.05.26"]
[Round "6.20"]
[White "Andersson,L"]
[Black "Pantzar,Milton"]
[Result "0-1"]
[WhiteElo "2006"]
[BlackElo "2321"]

1.f4 d5 2.Nf3 Nf6 3.g3 g6 4.Bg2 Bg7 5.O-O O-O 6.d3 c6 7.c3 Nbd7 8.Na3 Qc7
9.Qe1 e5 10.fxe5 Nxe5 11.d4 Ned7 12.Nc2 Ne4 13.Nb4 f5 14.Nd3 b6 15.Bf4 Qd8
16.Qc1 Ba6 17.Bh6 Bxh6 18.Qxh6 Nd6 19.Nfe5 Nxe5 20.Nxe5 Nf7 21.Nxf7 Rxf7
22.Rf2 Qf8 23.Qd2 Re8 24.Re1 Qe7 25.Bf3 Rf6 26.e3 Re6 27.Bd1 Rxe3 28.Rxe3 Qxe3
29.Qxe3 Rxe3 30.Bc2 Kg7 31.Rd2 Kf6 32.Kf2 Re6 33.Bd3 Bxd3 34.Rxd3 g5 35.h3 h5
36.Rf3 Re4 37.Rd3 h4 38.gxh4 Rxh4 39.Kg3 f4+ 40.Kg2 Kf5 41.Rd2 g4 42.hxg4+
Kxg4 {#R} 0-1

[Event "4th Gligoric Cup 2017"]
[Site "Novi Banovci SRB"]
[Date "2017.05.27"]
[Round "3.6"]
[White "Pavkov,Nebojsa"]
[Black "Kovacevic,Si"]
[Result "1-0"]
[WhiteElo "2230"]
[BlackElo "2221"]

1.g3 d5 2.Bg2 Nf6 3.f4 g6 4.Nf3 Bg7 5.O-O O-O 6.d3 c5 7.c3 Nc6 8.Qc2 d4 9.e4
dxe3 10.Bxe3 Qd6 11.Nbd2 Ng4 12.Rfe1 Nxe3 13.Rxe3 Bf5 14.Nh4 Bd7 15.Rae1 Qc7
16.Ne4 b6 17.Ng5 Bf6 18.Nhf3 Rad8 19.h4 Bf5 20.Ne4 Bg7 21.h5 e5 22.fxe5 Nxe5
23.hxg6 hxg6 24.Nxe5 Bxe5 25.Qf2 Bg7 26.g4 Bxg4 27.Qh4 Bh5 28.Bf3 Bxf3 29.Rxf3
Rfe8 30.Ref1 Qe5 31.Ng5 f6 32.Qh7+ Kf8 33.Rxf6+ {#r} 1-0

[Event "TCh-FRA Top 12 2017"]
[Site "Chartres FRA"]
[Date "2017.05.23"]
[Round "6.3"]
[White "Le Roux,JP"]
[Black "Le Hay,T"]
[Result "1-0"]
[WhiteElo "2538"]
[BlackElo "2113"]

1.Nf3 f5 2.d3 d5 3.c4 c6 4.Nbd2 Nf6 5.g3 e6 6.Bg2 Bd6 7.O-O O-O 8.Qc2 e5 9.e4
fxe4 10.dxe4 d4 11.c5 Bc7 12.Nc4 Qe7 13.b4 b5 14.Nb2 a5 15.bxa5 Rxa5 16.Bd2
Ra8 17.Nh4 Be6 18.Nd3 Qf7 19.f4 Nbd7 20.Nf3 Rxa2 21.Rxa2 Bxa2 22.Ndxe5 Qb3
23.Qxb3+ Bxb3 24.Nxd7 Nxd7 25.Bb4 Ra8 26.Nxd4 Ra4 27.Nxc6 Nb8 28.Nxb8 Bxb8
29.Bd2 Ba7 30.Rc1 Bc4 31.Be3 Ra3 32.Bf2 Ra2 33.Bf1 Bxf1 34.Kxf1 b4 35.Rb1 b3
36.Rxb3 Ra1+ 37.Kg2 Ra4 38.Rb1 {#r} 1-0

[Event "TCh-FRA Top 12 2017"]
[Site "Chartres FRA"]
[Date "2017.05.24"]
[Round "7.2"]
[White "Bachmann,Ax"]
[Black "Donchenko,Alexa"]
[Result "1-0"]
[WhiteElo "2646"]
[BlackElo "2563"]

1.Nf3 b6 2.e4 Bb7 3.Nc3 e6 4.d4 Bb4 5.Bd3 Nf6 6.Qe2 d5 7.e5 Ne4 8.Bd2 Bxc3
9.bxc3 c5 10.dxc5 Nxc5 11.h4 Nbd7 12.Rh3 Qc7 13.Kf1 Ne4 14.Re1 Nxe5 15.Nxe5
Qxe5 16.Bb5+ Kf8 17.Bc1 Rc8 18.Bd3 f6 19.c4 Kf7 20.Kg1 Qd6 21.cxd5 exd5 22.Re3
Rhe8 23.Ba3 Qd7 24.c4 f5 25.cxd5 Qxd5 26.f3 Nc3 27.Re7+ Rxe7 28.Qxe7+ Kg8
29.Re5 Qd4+ 30.Kh1 h6 31.Bxf5 Nd5 32.Qe6+ Kh8 33.Qe8+ {#r} 1-0

[Event "10th KIIT Elite Open 2017"]
[Site "Bhubaneswar IND"]
[Date "2017.05.28"]
[Round "4.8"]
[White "Shyam,N"]
[Black "Srijit,Paul"]
[Result "1-0"]
[WhiteElo "2457"]
[BlackElo "2248"]

1.Nf3 f5 2.d3 Nf6 3.e4 d6 4.Nc3 Nc6 5.exf5 Bxf5 6.d4 Qd7 7.Bd3 e5 8.dxe5 dxe5
9.Bxf5 Qxf5 10.Be3 a6 11.a3 Bd6 12.Qe2 b5 13.h3 O-O 14.O-O-O Qe6 15.Ng5 Qe7
16.Qd3 Qd7 17.Nce4 Nd4 18.Bxd4 exd4 19.Nxd6 Qxd6 20.Qxd4 Qxd4 21.Rxd4 Rae8
22.Rd2 Nh5 23.Kd1 Nf4 24.g3 h6 25.gxf4 Rxf4 26.Rg1 hxg5 27.Rxg5 Re7 28.Rg6 a5
29.Rg5 c6 30.Rg6 Rc4 31.Rg4 Rc5 32.Rd8+ Kh7 33.Rh4+ Kg6 34.Rd6+ Kf7 35.Rf4+
Kg8 36.c3 a4 37.Kc2 Re2+ 38.Rd2 Re6 39.h4 Rce5 40.c4 Re1 41.Kc3 Kh7 42.cxb5
cxb5 43.Rd5 Rb6 44.Rff5 Rc1+ 45.Kd2 Rbc6 46.Rxb5 R1c4 47.Rb4 Rd6+ 48.Ke3 Rc2
49.Kf3 Rd3+ 50.Kg2 Rb3 51.Rxa4 Rbxb2 52.Ra7 Ra2 53.Rf3 Kh6 54.Raf7 Rc6 55.Rg3
g6 56.Ra7 Rd2 57.Rf3 Rd4 58.Rf8 Kh5 59.Rh7+ {#r} 1-0

[Event "Deltalift Open 2017"]
[Site "Tylosand SWE"]
[Date "2017.05.25"]
[Round "2.6"]
[White "Akesson,R"]
[Black "Saren,Bjorn"]
[Result "1-0"]
[WhiteElo "2460"]
[BlackElo "2052"]

1.Nf3 f5 2.g3 g6 3.Bg2 Bg7 4.d4 d6 5.d5 c6 6.c4 Nh6 7.O-O e5 8.dxe6 Bxe6 9.Qb3
Qe7 10.Ng5 Bc8 11.e4 Na6 12.Nc3 Nc5 13.Qc2 O-O 14.Bd2 Ne6 15.Nxe6 Bxe6 16.Rae1
f4 17.Nd5 Qf7 18.Nxf4 Bxc4 19.Nd3 Bxa2 20.Bf4 Rad8 21.Ra1 a6 22.Qa4 Bc4
23.Rfd1 Bb3 24.Qb4 Bxd1 25.Rxd1 c5 26.Qb6 Ng4 27.Bh3 Nxf2 28.Nxf2 Bd4 29.Rxd4
cxd4 30.Qxd4 Qb3 31.Ng4 h5 32.Nf6+ Kf7 33.Nh7 Rg8 34.Ng5+ Ke8 35.Be6 {#r} 1-0